| Tag |
First Indicator |
Second Indicator |
Subfields |
| LEADER |
00000cam a2200000Ka 4500 |
| 001 |
in00001663809 |
| 005 |
20151024121207.0 |
| 008 |
980217s1995 mx abf b 000 0 spa d |
| 020 |
|
|
|a 9681627407
|
| 035 |
|
|
|a (OCoLC)ocm38448333
|
| 040 |
|
|
|a FIL
|b fre
|c FIL
|d TXA
|d UtOrBLW
|
| 049 |
|
|
|a TXAM
|
| 090 |
|
|
|a F1386.2
|b .V57 1987
|
| 092 |
|
|
|a 972.02
|f VIQ
|
| 100 |
1 |
|
|a Viqueira Albán, Juan Pedro.
|
| 245 |
1 |
0 |
|a Relajados o reprimidos ? :
|b diversiones públicas y vida social en la Ciudad de México durante el Siglo de las Luces /
|c Juan Pedro Viqueira Alban.
|
| 246 |
3 |
0 |
|a Diversiones públicas y vida social en la Ciudad de México durante el Siglo de las Luces.
|
| 264 |
|
1 |
|a México :
|b Fondo de Cultura Económica,
|c [1995]
|
| 264 |
|
4 |
|c ©1995
|
| 300 |
|
|
|a 302 pages, 2 unnumbered pages de plate :
|b illustrations, cartes ;
|c 23 cm.
|
| 336 |
|
|
|a text
|b txt
|2 rdacontent
|
| 337 |
|
|
|a unmediated
|b n
|2 rdamedia
|
| 338 |
|
|
|a volume
|b nc
|2 rdacarrier
|
| 490 |
1 |
|
|a Sección de obras de historia
|
| 504 |
|
|
|a Bibliogr. pages 287-295.
|
| 650 |
|
7 |
|a Elite (sciences sociales)
|z Mexique
|z Mexico
|x Histoire
|y 18e siècle.
|2 ram
|
| 650 |
|
7 |
|a Culture populaire
|z Mexique
|z Mexico.
|2 ram
|
| 651 |
|
7 |
|a Mexique
|x Civilisation
|x Influence française.
|2 ram
|
| 651 |
|
7 |
|a Mexico (Mexique)
|x Moeurs et coutumes
|y 18e siècle.
|2 ram
|
| 830 |
|
0 |
|a Sección de obras de historia.
|
| 948 |
|
|
|a cataloged
|b h
|c 2002/2/27
|d c
|e cmulkey
|f 11:27:14 am
|
| 994 |
|
|
|a E0
|b TXA
|
| 999 |
|
|
|a MARS
|
| 999 |
f |
f |
|s 6b3d5bcf-b170-37be-a948-7b54e3ac54d0
|i 60abd72b-7249-397f-81f5-dd4d1fa924e3
|t 0
|
| 952 |
f |
f |
|p normal
|a Texas A&M University
|b College Station
|c Sterling C. Evans Library
|d Evans: Library Stacks
|t 0
|e F1386.2 .V57 1987
|h Library of Congress classification
|i unmediated -- volume
|m A14828461895
|
| 998 |
f |
f |
|a F1386.2 .V57 1987
|t 0
|l Evans: Library Stacks
|